000 01515nam a2200361 c 4500
003 BLK
005 20180422100254.0
008 180408b bul|||||r ||||||| ||bul||
010 _aKNG00036872000
020 _a954-8971-34-8
_bиздат.: Ромина
040 _aBLK
041 _aBUL
_cBUL
080 _a
_b347.4/.5
_x(497.2)(075.8)
_z347.4/.5(497.2)(075.8)
080 _aТранспорт и пощенски услуги. Организация и контрол на движението
_b656
_x.000.34(497.2)(075.8)
_z656.000.34(497.2)(075.8)
100 1 _aИванов, Иван Владимиров
_eпърви автор
_9363647
700 1 _aВладимиров, Иван
_e*
_gИванов, Иван Владимиров
_9363646
139 _aИванов, Иван Владимиров
_bИ 21
245 1 0 _aТранспортно право
_bУчебник за студентите от УНСС
_cИван Владимиров Иванов; * Иван Владимиров.
250 _a3. прераб. и доп. изд.
257 _aBGR
260 София
_bРомина
_c2001
300 _a324 с.
_c21 см
380 _a3
650 4 _aПраво, транспортно - България - учебници за ВУЗ
_9260224
653 _aправо
653 _aтранспорт
653 _aтранспортно право
852 _aЦб 209027
856 4 _qpdf
_u
856 4 _qpdf
_u
942 _cKNG
_n0
944 _aCR
_c15.01.2003
_kКети_Илиева
944 _aED
_c04.01.2013
_k
999 _c34174
_d34174